| 000 | 00487nam a2200169Ia 4500 | ||
|---|---|---|---|
| 020 | _a8187439181 | ||
| 082 |
_aNR:633.912.11 _bTHO |
||
| 100 | _aTHOMAS, Vinoth | ||
| 245 | 0 | _aIdentification of RRII 400 series clones of Hevea in the early growth phase: A manual | |
| 260 |
_aKottayam _bRubber Research Institute of India _c2006 |
||
| 300 | _a51p. | ||
| 650 | _aClone identification | ||
| 650 | _aRRII 400 series | ||
| 700 | _aGireesh | ||
| 700 | _aMeenakumari, Thomas | ||
| 942 | _cREF | ||
| 999 |
_c44250 _d44250 |
||